| 000 | 00815nam a22002417a 4500 | ||
|---|---|---|---|
| 999 |
_c182250 _d182250 |
||
| 005 | 20211109144644.0 | ||
| 010 | _aB-741830 | ||
| 020 |
_a9780070144941 _c199.00 |
||
| 035 | _aB-741830 | ||
| 037 | _bTata Mc Graw Hill /Gift | ||
| 082 | _a658.4038011 | ||
| 100 | _aO'Brien, James A. | ||
| 245 |
_aManagement information systems / _cby James A. O'Brien, George M. Marakas [and] Ramesh Behl |
||
| 250 | _a9th ed | ||
| 260 |
_aNew Delhi _bTata Mc Graw Hill _c2010 |
||
| 270 |
_a7 West Patel Nagar, _bNew Delhi _e110008 |
||
| 300 |
_axxx, 831p.: _bill. _c24cm(pbk) |
||
| 500 | _ainclude index | ||
| 700 | _aMarakas, George M | ||
| 700 | _aBehl, Ramesh | ||
| 942 |
_2ddc _cEN _mOBR _h658.4038011 |
||